000 00441nam a2200169 i 4500
001 104752
003 ES-MaACL
005 20230906183659.0
007 t|
008 051212s1970 sp ||||1| spa d
100 1 _aMiranda, Luis de.
_981532
245 1 0 _aTatiana /
_cLuis de Miranda.
250 _a[1ยช ed.].
260 _aVigo :
_b[s.n.],
_c1970 (
_fImp. Moderna)
300 _a78 p. ;
_c21 cm.
852 _aES-MaACL
_jC-39706
_bR.74723
999 _c104752
_d104752